000 00677cam a2200229 4500
001 4650
005 20181127173845.0
008 020820s2003 nyu 000 1 eng
010 _a 2002031768
020 _a071152007995
043 _an-us-ca
100 1 _aMartini, Steve,
_d1946-
245 1 4 _aThe arraignment /
_cSteve Martini.
260 _aNew York :
_bG.P. Putnam's Sons,
_c2003.
300 _a403 p. ;
_c18 cm.
650 0 _aAttorney and client
_vFiction.
650 0 _aMadriani, Paul (Fictitious character)
_vFiction.
651 0 _aCalifornia
_vFiction.
655 7 _aLegal stories.
_2gsafd
655 7 _aMystery fiction.
_2gsafd
999 _c3859
_d3859